A Series of Unrelated Questions - Statistics

General Stats
  • This quiz has been taken 7 times
    6 since last reset
  • The average score is 4 of 15
Answer Stats
Question? Answer % Correct
Tȟuŋkášila Šákpe is the Lakotah name for what monument in South Dakota? Mount Rushmore
100%
According to Law 261 of the Code of Hammurabi, how many gur of grain is a herdsman due annually for pasturing oxen or sheep? 8
83%
Muss es sein? Es muss sein!
33%
According to the Commission on Isotopic Abundances and Atomic Weights, what is the atomic mass, in daltons, of gadolinium-155, rounded to the nearest millionth? 154.922631
17%
Given tanθ=-1 and cosθ>1, what is secθ? -√2
17%
How many quad turbolaser batteries is the outer ring of the Lucrehulk-class Battleship equipped with in Star Wars? 48
17%
The radius of your mother is 2.3 miles. In cubic miles, what is the volume of your mom rounded to the nearest hundredth? 50.97
17%
Who was the 42nd United States Postmaster General? George Bruce Cortelyou
17%
Who succeded Ngwane III as King of eSwatini? Ingwenyama Ndvungunye
17%
After the 1898 Hut Tax Rebellion in the Protectorate of Sierra Leone, the Temne chief Bai Bureh was exiled by Col. Frederic Cardew under the British colonial government to the Gold Coast, along with Nyagua and what Sherbro chief? Kpana Lewis
17%
Conjugate mandūcō in second-person plural pluperfect active subjunctive. mandūcāvissētis
17%
What is my middle name? Patrick
17%
What is the crystallographic point group of quatrandorite? Sphenoidal
17%
Nurettin Güney is the mayor of what district of the Balıkesir Province of Türkiye? Susurluk
17%
Which team won 5-1 against l'Association Sportive de Vacoas-Phoenix in the 2002 Mauritian Republic Cup? Union Sportive de Beau Bassin-Rose Hill
17%
No matching quizzes found
Score Distribution
Percent of People with Each Score
Percentile by Number Answered
Your Score History
You have not taken this quiz since the last reset